| 000 | 00776nam a2200205 4500 | ||
|---|---|---|---|
| 001 | 116533 | ||
| 003 | ES-MaACL | ||
| 005 | 20230906190725.0 | ||
| 007 | t| | ||
| 008 | 061121s1964 ck r ||||1| spa d | ||
| 100 | 1 |
_aParsons, James J. _989285 |
|
| 245 | 1 | 0 |
_aSan Andrés y Providencia _b: una geografía histórica de las islas / _cJames J. Parsons ; traducción marco F. Archbold Brilton ; revisada por Teresa Morales de Gómez. |
| 250 | _a[1ª ed.]. | ||
| 260 |
_aBogotá : _bArchivo de la Economía Nacional, _c1964. |
||
| 300 |
_a192 p. 1 map. pleg. ; _c23 cm. |
||
| 700 | 1 |
_aBrilton, Marco F. Archbold. _931742 |
|
| 700 | 1 |
_aMorales de Gómez, Teresa. _983032 |
|
| 710 | 2 |
_aArchivo de la Economía Nacional (Colombia) _91424 |
|
| 852 |
_aES-MaACL _jC-47949 _bR.66352 |
||
| 999 |
_c116533 _d116533 |
||